Blox Fruits Fighting Styles - Statistics

General Stats
  • This quiz has been taken 236 times
  • The average score is 11 of 12
Answer Stats
Answer % Correct
Combat
94%
Godhuman
93%
Dark Step
92%
Electric
90%
Superhuman
89%
Sharkman Karate
88%
Death Step
87%
Electric Claw
87%
Water Kung Fu
87%
Dragon Breath
84%
Dragon Talon
84%
Sanguine Art
80%
No matching quizzes found
Score Distribution
Percent of People with Each Score
Percentile by Number Answered
Your Score History
You have not taken this quiz